Вып. 6; Системный анализ и обработка информации в интеллектуальных системах

書誌詳細
Parent link:Системный анализ и обработка информации в интеллектуальных системах: сборник научных трудов/ Сургутский государственный университет (СурГУ). Вып. 6.— , 2003-
要約:В сборнике рассмотрены методы и модели проектирования интеллектуальных информационных систем, построения обучающих и тестирующих систем, электронных учебных пособий, технологии обработки данных и управления. Предназначен для научных и научно-педагогических работников, инженеров, аспирантов и студентов, занимающихся проблемами проектирования и использования автоматизированных систем обработки информации и управления с включением интеллектуальных компонент в различных сферах деятельности.
言語:ロシア語
出版事項: 2008
主題:
フォーマット: 図書
KOHA link:https://koha.lib.tpu.ru/cgi-bin/koha/opac-detail.pl?biblionumber=160962

MARC

LEADER 00000nam2a2200000 4500
001 160962
005 20231101222225.0
035 |a (RuTPU)RU\TPU\book\174558 
090 |a 160962 
100 |a 20090601d2008 k y0rusy50 ca 
101 0 |a rus 
102 |a RU 
105 |a a z 001zy 
200 0 |a Вып. 6 
210 |d 2008 
215 |a 144 с.  |c ил. 
320 |a Библиогр. в конце статей 
330 |a В сборнике рассмотрены методы и модели проектирования интеллектуальных информационных систем, построения обучающих и тестирующих систем, электронных учебных пособий, технологии обработки данных и управления. Предназначен для научных и научно-педагогических работников, инженеров, аспирантов и студентов, занимающихся проблемами проектирования и использования автоматизированных систем обработки информации и управления с включением интеллектуальных компонент в различных сферах деятельности. 
461 1 |0 (RuTPU)RU\TPU\book\39748  |t Системный анализ и обработка информации в интеллектуальных системах  |o сборник научных трудов  |f Сургутский государственный университет (СурГУ)  |v Вып. 6  |d 2003-  
606 1 |a Интеллектуальные системы  |2 stltpush  |3 (RuTPU)RU\TPU\subj\12806  |9 39523 
610 1 |a информация 
610 1 |a обработка 
610 1 |a системный анализ 
610 1 |a обучающие системы 
610 1 |a тестирующие системы 
610 1 |a электронные учебные пособия 
610 1 |a построение 
610 1 |a автоматизированные системы 
610 1 |a использование 
675 |a 681.51.015.26  |v 3 
801 1 |a RU  |b 63413507  |c 20090601  |g PSBO 
801 2 |a RU  |b 63413507  |c 20090630  |g PSBO 
942 |c BK